000
00251nam a2200097Ia 4500
001
683452
005
20250826161438.0
008
250824s9999 xx 000 0 und d
245
0
_a
SAYILARIN EFENDİLERİ
_c
DUYGU KAÇARANĞLU
260
_b
TİMAŞ YAYINLARI
999
_c
683452
_d
683452